000 00733nam a2200217 a 4500
999 _c4174
_d4174
005 20200527142130.0
008 140314b2001 ck ||||| |||| 00| 0 spa d
040 _aCO-BoIAVH
_cCO-BoIAVH
041 _aspa
044 _ack
082 _a333.75153
090 _aLB
_b03859
110 _bMunicipio Sabanas de San Ángel. Departamento del Magdalena
_921584
245 _aProyecto, construcción del vivero municipal para la reforestación de parcelas en el municipio de Sabanas de San Ángel en el departamento del Magdalena
260 _aMagdalena
_bEl Municipio
_c2001
300 _a45 p.
650 _aRefosteración
_9103174
651 _aMunicipio de Sabanas de San Angel
_9103175
942 _cLIBRO
_2z
945 _d2004-10-07